00615 2200217 4500001002100000005001700021008004100038035002400079082001200103090001900115100002800134245005800162260005100220300001900271500002700290650003100317850001500348980001300363985000600376999001500382YOGYA-0209000003313920090227024740.0 ind  0010-020900000033139 a959.823 a959.823bPur D aPURWOKUSUMO, Sudarisman aDaerah Istimewa YogyakartacSudarisman Poerwokoesoemo aYogyakartabGadjah Mada University Pressc1984 a336 hlmc21 cm aBibliografi : hlm. 336 aDaerah Istimewa Yogyakarta aYOPDYOG(B) a14-05-07 a1 a94P0051340